| 000 | 00403pab a2200169 454500 | ||
|---|---|---|---|
| 008 | 180718b1996 xxu||||| |||| 00| 0 eng d | ||
| 100 | _aJugale, V.B. | ||
| 245 | _aSome issues of concept of poverty in India | ||
| 260 | _c1996 | ||
| 300 | _ap.17-22 | ||
| 362 | _aJun | ||
| 650 | _aPoverty - India | ||
| 650 | _aPoverty | ||
| 700 | _aGadage, R.S. | ||
| 773 | _aMan and Development | ||
| 909 | _a31902 | ||
| 999 |
_c31902 _d31902 |
||